000 00711nam a2200265 a 4500
001 nice12345678
003 IN_TiNIC
005 20260116013148.0
008 050524s1992 newa grp 000 0 eng
020 _a0883448
_c857.5
082 0 0 _a261.8
_bCOB
100 _aCobb, Jr John B
245 _aSustainability
_b Economics, Ecology and Justice
260 _aNew York
_bOrbis Books
_c1992
300 _a130p
500 _aincludes index and biblioraphy
505 2 _aBibliography, Index
650 _aSocial-Problems-christianity
650 _aChurch-Social Services
650 _aEcology and Christianity
700 1 _aCobb, Jr John B
902 _bSRS
942 _cBK
999 _c9926
_d9926